Tulapai to Tokay : a bibliography of alcohol use and abuse among native Americans of North America /

Bibliographic Details
Main Author: Mail, Patricia D.
Other Authors: McDonald, David R.
Format: Book
Language:English
Published: New Haven : HRAF Press, 1980.
Subjects:

MARC

Tag First Indicator Second Indicator Subfields
LEADER 00000cam a2200000 a 4500
001 in00000072014
005 20151008062516.0
008 811218s1980 ctu b 00110 eng
010 |a  80081243  
020 |a 0875362532 
035 |a (OCoLC)07244219 
035 |9 AAK0370AM 
039 0 |a 2  |b 3  |c 3  |d 3  |e 3 
040 |a DLC  |c DLC  |d TXA  |d UtOrBLW 
043 |a n------ 
049 |a TXAM  |c [932736] 
050 0 0 |a Z1209.2.N67  |b M34  
100 1 |a Mail, Patricia D. 
245 1 0 |a Tulapai to Tokay :  |b a bibliography of alcohol use and abuse among native Americans of North America /  |c compiled by Patricia D. Mail and David R. McDonald ; with a foreword and literature review by Joy H. Leland and indexes by Sandra Norris. 
264 1 |a New Haven :  |b HRAF Press,  |c 1980. 
300 |a xv, 356 pages ;  |c 23 cm. 
336 |a text  |b txt  |2 rdacontent 
337 |a unmediated  |b n  |2 rdamedia 
338 |a volume  |b nc  |2 rdacarrier 
500 |a Includes indexes. 
650 0 |a Indians of North America  |x Alcohol use  |v Bibliography. 
700 1 |a McDonald, David R. 
999 |a MARS 
999 f f |s cadebac1-51df-3592-afb2-d9733e38d43f  |i 3431eca2-6b91-373e-ad8e-7a86cd930aca  |t 0 
952 f f |p ric  |a Texas A&M University  |b Rellis Campus  |c Joint Library Facility  |d Remote Storage  |t 0  |e Z1209.2.N67 M34  |h Library of Congress classification  |i unmediated -- volume  |m A14806263629 
998 f f |a Z1209.2.N67 M34  |t 0  |l Remote Storage